[Event "Madrid-ch Previa B"]
[Site "Madrid"]
[Date "2023.02.04"]
[Round "3.15"]
[White "Condezo Abderrahim, Ibrahim"]
[Black "Fernandez Garay, Guillermo"]
[Result "1-0"]
[WhiteElo "1665"]
[BlackElo "1350"]
[PlyCount "78"]
[EventDate "2023.02.02"]
[EventType "swiss"]
[EventRounds "9"]
[EventCountry "ESP"]
[SourceTitle "EXT 2024"]
[Source "ChessBase"]
[SourceDate "2023.10.10"]
[SourceVersion "1"]
[SourceVersionDate "2023.10.10"]
[SourceQuality "1"]

1. e4 e5 2. Nf3 Nc6 3. Bc4 Bc5 4. c3 Nf6 5. d3 d6 6. b4 Bb6 7. a4 a5 8. b5 Ne7 9. 0-0 Ng6 10. Re1 0-0 11. h3 Be6 12. Bb3 Bxb3 13. Qxb3 Nh5 14. d4 Nhf4 15. Bxf4 Nxf4 16. Nbd2 Qf6 17. g3 Nxh3+ 18. Kg2 Ng5 19. Nxg5 Qxg5 20. Nf3 Qf6 21. dxe5 dxe5 22. Rac1 Rad8 23. c4 Bc5 24. Qb2 Rd3 25. Nxe5 Bd4 26. Qe2 Ra3 27. Nd7 Qd6 28. Nxf8 Qxf8 29. Qc2 Qb4 30. Rcd1 Bf6 31. e5 Be7 32. Ra1 Rc3 33. Qe4 Rxc4 34. Qxb7 Qc5 35. e6 fxe6 36. Qc8+ Bf8 37. Qxe6+ Kh8 38. Re5 Qb4 39. Rf5 Qe7 1-0

[Event "Madrid-ch Previa B"]
[Site "Madrid"]
[Date "2023.02.03"]
[Round "2.4"]
[White "Lazaro Azcutia, Miguel"]
[Black "Condezo Abderrahim, Ibrahim"]
[Result "1-0"]
[WhiteElo "1953"]
[BlackElo "1665"]
[PlyCount "91"]
[EventDate "2023.02.02"]
[EventType "swiss"]
[EventRounds "9"]
[EventCountry "ESP"]
[SourceTitle "EXT 2024"]
[Source "ChessBase"]
[SourceDate "2023.10.10"]
[SourceVersion "1"]
[SourceVersionDate "2023.10.10"]
[SourceQuality "1"]

1. e4 c5 2. Nf3 d6 3. d4 cxd4 4. Nxd4 Nf6 5. Nc3 a6 6. Bg5 e6 7. f4 Be7 8. Qf3 h6 9. Bh4 Nbd7 10. 0-0-0 Qc7 11. Bd3 b5 12. e5 Bb7 13. Qh3 dxe5 14. Nxe6 fxe6 15. Bg6+ Kd8 16. Qxe6 Qc6 17. Rxd7+ Qxd7 18. Rd1 Nd5 19. Bxe7+ Qxe7 20. Qb6+ Qc7 21. Nxd5 Qxb6 22. Nxb6+ Kc7 23. Nxa8+ Rxa8 24. fxe5 Bxg2 25. Rg1 Bd5 26. h4 Rf8 27. Bd3 Rf7 28. Rg6 Kb7 29. a4 Bc4 30. Bxc4 bxc4 31. Kd2 Re7 32. Kc3 a5 33. Kxc4 Rxe5 34. Rxg7+ Kb8 35. Rd7 Re4+ 36. Kb5 Re5+ 37. Kb6 Kc8 38. Rh7 Rh5 39. Ra7 Rxh4 40. Kxa5 Rh2 41. Rh7 Rxc2 42. b4 Rc6 43. b5 Rg6 44. b6 Kb8 45. Ka6 Kc8 46. Ka7 1-0

[Event "Madrid Alcorcon op 1st"]
[Site "Madrid"]
[Date "2022.12.29"]
[Round "8"]
[White "Martin Cabeza, Nicolas"]
[Black "Condezo Abderrahim, Ibrahim"]
[Result "0-1"]
[WhiteElo "1850"]
[BlackElo "1604"]
[PlyCount "74"]
[EventDate "2022.12.26"]
[EventType "swiss"]
[EventRounds "9"]
[EventCountry "ESP"]
[SourceTitle "CBM 212 Extra"]
[Source "ChessBase"]
[SourceDate "2023.03.31"]
[SourceVersion "1"]
[SourceVersionDate "2023.03.31"]
[SourceQuality "1"]

1. e4 c5 2. a3 e6 3. b4 cxb4 4. axb4 Bxb4 5. c3 Be7 6. d4 d6 7. Nf3 Nf6 8. Bd3 Nc6 9. 0-0 h6 10. Re1 0-0 11. Ba3 e5 12. d5 Nb8 13. h3 Nbd7 14. Nbd2 Qc7 15. Nb3 b6 16. Qd2 a6 17. Reb1 Rd8 18. c4 Nf8 19. Nc1 Ng6 20. Ne2 Bd7 21. Ng3 Nf4 22. Bf1 N4h5 23. Nxh5 Nxh5 24. Nxe5 Bf6 25. Qd1 Bxe5 26. Qxh5 Bxa1 27. Rxa1 b5 28. cxb5 Bxb5 29. Rc1 Qe7 30. Re1 Bxf1 31. Kxf1 Qf6 32. Qe2 Rdb8 33. Rc1 Rb3 34. Qa2 Rab8 35. Re1 Rb2 36. Bxb2 Rxb2 37. e5 Qxf2# 0-1